El arte de tener razón: expuesta en 38 estratagemas. Dialéctica erística
Enregistré dans:
| Auteur principal: | |
|---|---|
| Format: | Livre |
| Langue: | espagnol |
| Publié: |
Madrid
EDAF
2011
|
| Édition: | 2a. ed |
| Collection: | Biblioteca EDAF, 18
|
| Sujets: | |
| Tags: |
Ajouter un tag
Pas de tags, Soyez le premier à ajouter un tag!
|
MARC
| LEADER | 00000cam a2200000 a 4500 | ||
|---|---|---|---|
| 001 | UCF9476 | ||
| 003 | CL-VaPUC | ||
| 005 | 20230816102149.0 | ||
| 008 | 131125e20110700sp |||||||||||||||||spa|d | ||
| 999 | |c 353919 |d 353917 | ||
| 020 | |a 9788441427006 | ||
| 040 | |c Pontificia Universidad Católica de Valparaíso | ||
| 082 | 0 | 4 | |a 128.33 |b SCH |2 21 |
| 100 | 0 | |a Schopenhauer, Arthur |e author |9 265694 | |
| 245 | 1 | 3 | |a El arte de tener razón: expuesta en 38 estratagemas. Dialéctica erística |
| 250 | |a 2a. ed | ||
| 260 | |a Madrid |b EDAF |c 2011 | ||
| 300 | |a 137 p | ||
| 490 | 0 | |a Biblioteca EDAF, 18 | |
| 583 | |a last modification |c 20131125 03:22:00 |k Rodrigo Vera | ||
| 650 | 0 | |a Discusiones |9 519140 |x Métodos de razonamiento | |
| 650 | 0 | |a Dialéctica |9 257902 |v Aspectos filosóficos |x Argumentación | |
| 650 | 0 | |a Conversaciones |9 314515 |v Filosofía y teoría | |
| 942 | |c BK |2 ddc | ||
| 945 | |d 20131125 03:22:00 |a dcastane | ||